Culture Générale - Série 816 - Statistiques

Statistiques générales
  • Ce quiz a été pris 140 fois
  • Le résultat moyen est 5 sur 10
Statistiques - réponses
Question Réponse % Correct
Quels animaux un peu "ninjas" sur les bords sont Donatello, Raphael, Michelangelo et Leonardo ? tortues
94%
Le poète et homme politique antillais qui développa le concept de négritude est Aimé... Césaire
80%
Quelle duchesse de Bretagne devint par deux fois reine de France, en épousant les rois : Charles VIII puis Louis XII ? Anne de Bretagne
73%
Dans quel célèbre quartier du 18e arrondissement de Paris peut-on se promener sur la place Dalida ? Montmartre
59%
Quel golfe baigne à la fois les côtes indiennes, bangladaises et birmanes ? golfe du Bengale
55%
Quel mot désigne à la fois un sentiment de dépit ou d'envie et un volet à lames mobiles ? jalousie
41%
Quel est la capitale de l'état américain du Dakota du Nord, qui porte le nom d'un politicien prussien né en 1815 ? Bismarck
39%
En 2010, quelle championne de patinage artistique a été candidate de "La Ferme Célébrités en Afrique" ? Surya Bonaly
35%
Dans quel film de 1996, Patrick Bruel et Jean Reno vont-ils chercher l'âme d'un Indien dans la forêt amazonienne ? Le Jaguar
34%
En 1963, dans le film “La Panthère rose”, qui incarne l'inspecteur Jacques Clouseau ? Peter Sellers
20%
Aucun quiz correspondant
Distribution des résultats
% des personnes avec chaque résultat
Percentile par nombre de réponses
Votre historique - résultats
Vous n’avez pas pris ce quiz